Restaurant Logos Close-Up Quiz Stats

 Plays Quiz Updated Oct 18, 2018

Also try: Fast Food Logos
Challenge
Share
Tweet
Score 0/20 Timer 03:00
10 Plays Today
No. Restaurant % Correct
8Pizza Hut
99.5%
20Applebees
90.5%
18IHOP
89.9%
4Chili's
88.8%
21Popeyes
88.7%
16Red Lobster
87.4%
7T.G.I.Friday's
86.9%
5Hard Rock Cafe
86.8%
9Denny's
84.3%
14Sonic
83.4%
No. Restaurant % Correct
15Olive Garden
82.8%
3Chuck E Cheese's
81.7%
19Cracker Barrel
76.9%
10Panera Bread
68.1%
1Cold Stone Creamery
67.2%
6Bob Evans
65.4%
11Outback Steakhouse
63.4%
17Perkins
57.9%
12Texas Roadhouse
52.9%
2Waffle House
52.2%

You're not logged in!

Compare scores with friends on all Sporcle quizzes.
OR
Log In

You Might Also Like...

Show Comments

Extras

Top Quizzes Today


Score Distribution

Your Account Isn't Verified!

In order to create a playlist on Sporcle, you need to verify the email address you used during registration. Go to your Sporcle Settings to finish the process.

Report this User

Report this user for behavior that violates our Community Guidelines.

Details: